| 000 | 00855nam a2200217 i 4500 | ||
|---|---|---|---|
| 001 | 19877 | ||
| 003 | ES-MaACL | ||
| 005 | 20250930063036.0 | ||
| 007 | t| | ||
| 008 | 021023s1946 sp ||||1| spa d | ||
| 080 | _a262.5 Trento | ||
| 100 | 1 |
_aSolana, Marcial, _d1880-1958 _9107070 |
|
| 245 | 1 | 0 |
_aEstudios sobre el Concilio Trento en su cuarto centenario _b: valor teológico de la tradición : un abad de Santander en el Concilio de Trento / _cpor Marcial Solana. |
| 260 |
_aSantander : _b[s.n.], _c1946 ( _fImp. Provincial) |
||
| 300 |
_a222 p. ; _c18 cm. |
||
| 490 | 1 |
_aAnejos del Boletín de la Biblioteca de Menéndez Pelayo ; _v1 |
|
| 611 | 2 | 7 |
_aConcilio de Trento _d(1545-1563) _2 _9135069 |
| 830 | 0 |
_aAnejos del Boletín de la Biblioteca de Menéndez Pelayo ; _v1 _9180629 |
|
| 852 |
_aES-MaACL _jE-5128 |
||
| 999 |
_c19877 _d19877 |
||